000 00804nam a2200277Ia 4500
003 OSt
005 20220928113639.0
006 a|||||r|||| 00| 0
007 ta
008 220927b |||||||| |||| 00| 0 eng d
020 _cEuro 49.99
024 _a135743
037 _bGift, 18/09/2017,
_cTextual
040 _aSDCL
_cSDCL
_beng
041 _2eng
_aeng
082 _aB75:3, Q5
100 _aOckendon Hilary
_9434174
245 0 _aWaves and compressible flow (Texts in applied mathematics 47)
250 _a2nd
260 _aNew York
_b Springer
_c2015
300 _avii,243p.
_ccm.
650 _aGift
_9391569
700 _a Ockendon John R.
_9434175
942 _hB75:3, Q5
_cTEXL
_2CC
999 _c750551
_d750551